[Event "Boca Juniors op"]
[Site "Buenos Aires"]
[Date "1998.05.15"]
[Round "8"]
[White "Dorin, Mauricio"]
[Black "Pierrot, Facundo"]
[Result "1-0"]
[WhiteElo "2355"]
[BlackElo "2420"]

1.e4 c5 2.Nf3 Nc6 3.Bb5 e6 4.Bxc6 bxc6 5.d3 Ne7 6.Bd2 Ng6 7.h4 h5 8.e5 d6
9.exd6 Bxd6 10.Ng5 Rb8 11.Na3 Ba6 12.b3 Qc7 13.Qf3 Ne5 14.Qe2 Bb5 15.Bc3 a5
16.Nc4 Bxc4 17.dxc4 Kf8 18.O-O-O Ng6 19.Nxe6+ fxe6 20.Qxe6 Bf4+ 21.Kb1 Qf7
22.Qxc6 Ne7 23.Qxc5 Rh6 24.Rd7 Rc6 25.Qd4 Bh6 26.Re1 Re8 27.Qe4 Rc5 28.Be5 Rxe5
29.Qxe5 a4 30.g3 axb3 31.axb3 Qf6 32.Qxf6+ gxf6 33.c5 f5 34.c6  1-0

[Event "Toronto op"]
[Site "Toronto"]
[Date "1998.05.15"]
[Round "3"]
[White "Crisan, Ioan"]
[Black "Dutton, Warren Richard"]
[Result "1-0"]
[WhiteElo "2235"]
[BlackElo "2120"]

1.e4 c5 2.Nf3 Nc6 3.Bb5 a6 4.Bxc6 dxc6 5.O-O Nf6 6.Re1 Bg4 7.d3 e6 8.Nbd2 b5
9.h3 Bh5 10.Nf1 h6 11.Ng3 Bg6 12.a4 Be7 13.Ne5 Qb6 14.Nxg6 fxg6 15.e5 Nd5
16.Qg4 Kf7 17.axb5 cxb5 18.c4 Nc7 19.Re3 g5 20.Ne4 Rhf8 21.Qh5+ Kg8 22.Rg3 Rf5
23.Qg6 Ne8 24.cxb5 Rxe5 25.Rxa6 Qb7 26.f4 Rxe4 27.dxe4 Rd8 28.Qxe6+ Kh8 29.fxg5 Qc7
30.Qg4 Rd1+ 31.Qxd1 Qxg3 32.Ra8 Bd6 33.Rxe8+ Kh7 34.e5 Bxe5 35.g6+ Kxg6 36.Qg4+  1-0

[Event "Clichy"]
[Site "Clichy"]
[Date "1998.05.18"]
[Round "3"]
[White "Mrdja, Milan"]
[Black "Bouton, Christophe"]
[Result "1/2-1/2"]
[WhiteElo "2380"]
[BlackElo "2210"]

1.e4 c5 2.Nf3 Nc6 3.Bb5 g6 4.O-O Bg7 5.Re1 e5 6.Bxc6 dxc6 7.d3 f6 8.a4 b6
9.Na3 Nh6 10.h3 Nf7 11.a5 O-O 12.Be3 Ba6 13.Nd2 Qc7 14.Qb1 Rfb8 15.Qa2 Bf8
16.Rf1 Re8 17.f4 Bh6 18.g3 Bc8 19.Kg2 Be6 20.b3 exf4 21.Bxf4 Bxf4 22.Rxf4 f5
23.Raf1 Rad8 24.axb6 axb6 25.Nac4 Nd6 26.Nxd6  1/2-1/2

[Event "Capablanca mem 33th Premier"]
[Site "Havana"]
[Date "1998.05.19"]
[Round "11"]
[White "Abreu, Arian"]
[Black "Hernandez, Roman"]
[Result "1/2-1/2"]
[WhiteElo "2410"]
[BlackElo "2425"]

1.e4 c5 2.Nf3 Nc6 3.Bb5 g6 4.Bxc6 dxc6 5.d3 Bg7 6.Nc3 Nf6 7.Be3 b6 8.Qd2 Ng4
9.Bf4 e5 10.Bg3 f6 11.h3 Nh6 12.Nh2 Nf7 13.f4 O-O 14.Nf3 a5 15.O-O a4 16.fxe5 fxe5
17.b3 axb3 18.axb3 Rxa1 19.Rxa1 Qe7 20.Na4 b5 21.Nb2 Nd8 22.Ra8 Bxh3 23.Bh4 Bf6
24.Bxf6 Qxf6 25.Qe3 Bg4 26.Nh2 h5 27.g3 Ne6 28.Rxf8+ Qxf8 29.Nxg4 hxg4 30.Nd1 Nd4
31.c3 Nxb3 32.Qg5 Qf3 33.Qxg6+ Kh8 34.Qh6+ Kg8 35.Qg6+ Kh8 36.Qe8+ Kh7 37.Qh5+ Kg8
38.Qe8+ Kh7 39.Qh5+ Kg8 40.Qe8+ Kh7  1/2-1/2

[Event "Szeged TT05 IM"]
[Site "Szeged"]
[Date "1998.05.22"]
[Round "2"]
[White "Rizsonkov, Vladimir"]
[Black "Bogdan, Dan"]
[Result "0-1"]
[WhiteElo "2270"]
[BlackElo "2410"]

1.e4 c5 2.Nf3 Nc6 3.Bb5 g6 4.O-O Bg7 5.Bxc6 bxc6 6.d3 e5 7.Be3 d6 8.Nbd2 Ne7
9.Nc4 h6 10.Bd2 Be6 11.Qc1 Qd7 12.a3 f5 13.exf5 Nxf5 14.Bc3 O-O 15.Nfd2 Nd4
16.Bxd4 cxd4 17.Qe1 Rae8 18.f3 Qc7 19.b4 d5 20.Na5 h5 21.Qg3 Kh7 22.Nab3 Bh6
23.Kh1 a5 24.Rad1 axb4 25.axb4 Bc8 26.Ra1 Bf4 27.Qh4 Kh6 28.Qf2 Be3 29.Qe1 Re7
30.Qe2 Qb6 31.Ra4 g5 32.Rfa1 g4 33.Nc5 Ref7 34.Qe1 Qd8 35.Nf1 Qg5 36.Nxe3 dxe3
37.Qe2 gxf3 38.gxf3 Rxf3 39.Rg1 Rf2 40.Rxg5 Rxe2 41.Rg2 Bh3 42.Rg1 Rff2  0-1

[Event "Brazilian City Cup 2nd"]
[Site "Brasilia"]
[Date "1998.05.23"]
[Round "2"]
[White "De Toledo, James Mann"]
[Black "Rocha, Wellington Carlos"]
[Result "1/2-1/2"]
[WhiteElo "2410"]
[BlackElo "2325"]

1.e4 c5 2.Nf3 Nc6 3.Bb5 e6 4.O-O Nge7 5.Re1 a6 6.Bf1 d5 7.exd5 Nxd5 8.a4 Be7
9.Na3 O-O 10.Nc4 b6 11.d4 cxd4 12.Nxd4 Nxd4 13.Qxd4 Bb7 14.c3 Qc7 15.Qe5 Qc6
16.Qg3 Rfd8 17.Ne5 Qc7 18.Bd3 g6 19.Bh6 Bd6 20.f4 Ne7 21.Rad1 Nf5 22.Bxf5 exf5
23.h4 Bc5+ 24.Kh2 Rxd1 25.Rxd1 Rd8 26.Rxd8+ Qxd8 27.b4 Be7 28.h5 Qd1 29.hxg6 Qh5+
30.Kg1 hxg6 31.Bg5 Qd1+ 32.Kh2 f6 33.Nxg6 Qh5+ 34.Bh4 Bd6 35.Ne5+ Kh7 36.Nd7 Be7
37.Qh3 Kg6 38.Bf2 Qe2 39.Qg3+ Kf7 40.Nxb6 Bd6 41.Nd7 Qd2 42.Be3 Qe2  1/2-1/2

[Event "POR-chT"]
[Site "Lisboa"]
[Date "1998.05.23"]
[Round "8"]
[White "Leonardo, Joao"]
[Black "Antunes, Antonio"]
[Result "0-1"]
[WhiteElo "2290"]
[BlackElo "2495"]

1.e4 c5 2.Nf3 Nc6 3.Bb5 g6 4.O-O Bg7 5.Qe2 e5 6.Qc4 d6 7.b4 Be6 8.Qc3 Ne7
9.bxc5 d5 10.d3 O-O 11.Bxc6 Nxc6 12.Bb2 Nd4 13.Nxd4 exd4 14.Qe1 dxe4 15.Qxe4 Re8
16.Qf4 Rc8 17.c4 dxc3 18.Bxc3 Qxd3 19.Bxg7 Kxg7 20.Nd2 Rxc5 21.Rfe1 Rf5 22.Qb4 Rd8
23.Nf3 Rb5 24.Qh4 Rh5 25.Qe7 Rd7 26.Qe8 Qd6 27.h3 b5 28.Rad1 Qxd1 29.Rxd1 Rxd1+
30.Kh2 a5 31.Qc6 b4 32.Qc2 Rhd5 33.Qe2 h6 34.Qc2 Kh7 35.Qb2 R1d3 36.Qe2 Ra3
37.Qc2 Rc3 38.Qe4 Rf5 39.Nd4 Bd5 40.Qe2 Bc4 41.Qb2 Rf4 42.Nc6 Bxa2 43.Nxa5 Be6
44.Qd2 Rf5 45.Nb7 Rd5 46.Qb2 Rc4 47.Qe2 Rc7 48.Qa6 b3 49.Qb6 Rc2  0-1

[Event "POR-chT"]
[Site "Lisboa"]
[Date "1998.05.24"]
[Round "9"]
[White "Fernandes, Antonio"]
[Black "Lima, Paulo"]
[Result "1-0"]
[WhiteElo "2490"]
[BlackElo "2055"]

1.e4 c5 2.Nf3 Nc6 3.Bb5 e6 4.O-O Nf6 5.Qe2 Be7 6.c3 O-O 7.Rd1 Qc7 8.d4 d5
9.Nbd2 cxd4 10.cxd4 dxe4 11.Nxe4 Rd8 12.Bg5 Nd5 13.Rac1 Bd7 14.Ne5 Qb6 15.Bxc6 Bxc6
16.Bxe7 Nxe7 17.Nxf7 Kxf7 18.Ng5+ Ke8 19.Nxe6 Rd5 20.Re1 Kf7 21.Ng5+ Rxg5
22.Qxe7+ Kg8 23.Qxg5 Qxd4 24.Rcd1 Qxb2 25.Rd8+ Rxd8 26.Qxd8+ Kf7 27.Re7+ Kg6
28.Qd3+ Kf6 29.Qd6+ Kf5 30.Rf7+ Ke4 31.Rf4+  1-0

[Event "POR-chT"]
[Site "Lisboa"]
[Date "1998.05.24"]
[Round "9"]
[White "Silva, Jos"]
[Black "Santos, Luis"]
[Result "0-1"]
[WhiteElo "2215"]
[BlackElo "2370"]

1.e4 c5 2.Nf3 Nc6 3.Bb5 g6 4.c3 Nf6 5.e5 Nd5 6.Bc4 Nb6 7.Bb3 c4 8.Bc2 Qc7
9.Qe2 Bg7 10.Na3 Nxe5 11.O-O Nxf3+ 12.Qxf3 O-O 13.b3 d6 14.Re1 Be6 15.bxc4 Nxc4
16.Nxc4 Bxc4 17.Qe4 e6 18.Re3 d5 19.Qh4 Qd8 20.Qg4 d4 21.Rh3 f5 22.Qf3 Bd5
23.Qe2 Rc8 24.Bb2 Qb6  0-1

[Event "Garcia mem Premier"]
[Site "Santa Clara"]
[Date "1998.05.26"]
[Round "3"]
[White "Vazquez, Renier"]
[Black "Vasquez, Rodrigo"]
[Result "1/2-1/2"]
[WhiteElo "2405"]
[BlackElo "2485"]

1.e4 c5 2.Nf3 Nc6 3.Bb5 d6 4.O-O Bd7 5.Re1 Nf6 6.c3 a6 7.Bxc6 Bxc6 8.d4 Bxe4
9.Bg5 Bd5 10.Nbd2 e6 11.c4 Bxf3 12.Qxf3 cxd4 13.Bxf6 gxf6 14.Qxb7 Bg7 15.Qc6+ Ke7
16.Qd5 Qb6 17.Nf3 Rhe8 18.Rad1 Qc5 19.Qxd4 Qxd4 20.Nxd4 Kd7 21.Re3 f5 22.Red3 Rec8
23.b3 Ke7 24.Re1 Kf8 25.Red1 Bf6 26.Rh3 Kg8 27.Rg3+ Kh8 28.Rgd3 Rc5 29.Ne2 Be7
30.g3 Rg8 31.Kg2 h5 32.h4 Kh7 33.Nf4 Kh6 34.Re1 Rg7 35.Kf1 Rc7  1/2-1/2

[Event "Garcia mem Masters"]
[Site "Santa Clara"]
[Date "1998.05.28"]
[Round "4"]
[White "De la Paz, Frank"]
[Black "Andonovski, Ljubisa"]
[Result "1-0"]
[WhiteElo "2325"]
[BlackElo "2395"]

1.e4 c5 2.Nf3 Nc6 3.Bb5 g6 4.O-O Bg7 5.Re1 Nf6 6.e5 Nd5 7.Nc3 Nc7 8.Bxc6 dxc6
9.Ne4 Ne6 10.d3 b6 11.Be3 Nd4 12.c3 Nxf3+ 13.Qxf3 O-O 14.Bf4 Qd5 15.c4 Qe6
16.h3 h6 17.Rad1 g5 18.Bh2 Bxe5 19.Bxe5 Qxe5 20.Ng3 Qf6 21.Qe4 Qe6 22.Qf3 Qf6
23.Qh5 Rd8 24.Re3 Rd4 25.Rde1 Be6 26.Ne4 Qg6 27.Qxg6+ fxg6 28.Nxg5 Bxc4 29.dxc4 hxg5
30.Rxe7 Rf8 31.b3 Rf7 32.R7e6 Kh7 33.R1e2 Rc7 34.Re7+ Rxe7 35.Rxe7+ Kh6 36.Rxa7 b5
37.cxb5 cxb5 38.Rb7 b4 39.Rc7 Rd1+ 40.Kh2 Rd2 41.Rxc5 Rxf2 42.Ra5 Rd2 43.Ra4 Kh5
44.Rxb4 Rxa2 45.Rg4 Rb2 46.b4 Rb1 47.Kg3 Rf1 48.Rc4 Rb1 49.Rd4 Rf1 50.Rc4 Rb1
51.Kf3 Rb3+ 52.Ke4 g4 53.hxg4+ Kxg4 54.Ke5+ Kg3 55.Kf6 Kxg2 56.Kxg6  1-0

[Event "Hamburg-chI"]
[Site "Hamburg"]
[Date "1998.05.30"]
[Round "2"]
[White "Trisic, Alexandar"]
[Black "Mowsziszian, Karen"]
[Result "0-1"]
[WhiteElo "2330"]
[BlackElo "2500"]

1.e4 c5 2.Nf3 Nc6 3.Bb5 g6 4.O-O Bg7 5.Re1 e5 6.Bxc6 dxc6 7.d3 Ne7 8.Be3 b6
9.Nbd2 O-O 10.Nc4 Qc7 11.a4 Be6 12.b3 h6 13.Qc1 g5 14.h4 f6 15.Bd2 Ng6 16.Ne3 Qd7
17.Qd1 gxh4 18.a5 Kh7 19.axb6 axb6 20.Rxa8 Rxa8 21.Nc4 Rb8 22.Nh2 h3 23.g3 f5
24.exf5 Bxf5 25.Qh5 Rf8 26.Nf3 b5 27.Ne3 Kg8 28.Nh4 Nxh4 29.Qxh4 Be6 30.f4 exf4
31.gxf4 Qd4 32.Qe7 Bd5 33.c4 h2+ 34.Kxh2 Qxf4+  0-1

[Event "Garcia mem Masters"]
[Site "Santa Clara"]
[Date "1998.06.01"]
[Round "7"]
[White "Rohl, Juan"]
[Black "Gamboa, Nelson"]
[Result "1/2-1/2"]
[WhiteElo "2375"]
[BlackElo "2405"]

1.e4 c5 2.Nf3 Nc6 3.Bb5 e6 4.O-O Nge7 5.Nc3 a6 6.Bxc6 Nxc6 7.d4 cxd4 8.Nxd4 Qc7
9.Re1 d6 10.Nxc6 bxc6 11.e5 d5 12.Qg4 Rb8 13.b3 Rb4 14.Qg3 h5 15.h3 h4 16.Qd3 c5
17.a3 Rb8 18.Bf4 Be7 19.Qd2 Bb7 20.Bg5 Rh5 21.Bxe7 Kxe7 22.Na4 d4 23.f3 Rd8
24.b4 c4 25.Nc5 Rd5 26.Nxb7 Qxb7 27.Re4 Rhxe5 28.Rxe5 Rxe5 29.Qxd4 Qd5 30.Qxh4+ g5
31.Qf2 c3 32.Re1 Rxe1+ 33.Qxe1 Qd2 34.Qb1 f5 35.a4 g4 36.hxg4 fxg4 37.fxg4 Qe3+
38.Kh2 Qh6+ 39.Kg3 Qe3+ 40.Kh2 Qh6+  1/2-1/2

[Event "Garcia mem Masters"]
[Site "Santa Clara"]
[Date "1998.06.03"]
[Round "9"]
[White "De la Paz, Frank"]
[Black "Gamboa, Nelson"]
[Result "1-0"]
[WhiteElo "2325"]
[BlackElo "2405"]

1.e4 c5 2.Nf3 Nc6 3.Bb5 e6 4.Bxc6 bxc6 5.O-O Ne7 6.b3 Ng6 7.Bb2 d6 8.e5 Ba6
9.d3 d5 10.c4 Be7 11.Nc3 Nf8 12.Na4 Nd7 13.Rc1 Nb6 14.Nc3 O-O 15.Ne2 Qb8
16.Ba3 Rd8 17.Qe1 Nd7 18.Nc3 Nb6 19.Nd1 Bc8 20.Nb2 a5 21.d4 dxc4 22.Bxc5 Bxc5
23.dxc5 Nd7 24.Nxc4 Ba6 25.Qe3 Qb4 26.Rfd1 Nxc5 27.Nd6 Nb7 28.Rxc6 Nxd6 29.exd6 Bb7
30.Rc7 Bd5 31.Ne5 Rf8 32.d7 Qd6 33.Rdc1 Rad8 34.Rc8 Bb7 35.R8c7 Qd5 36.Qf3 f6
37.Rxb7 fxe5 38.Qxd5 exd5 39.Rc5 Rf7 40.Rc8  1-0

[Event "Hamburg-chI"]
[Site "Hamburg"]
[Date "1998.06.05"]
[Round "8"]
[White "Meyer, Falko"]
[Black "Wendt, Jan Dietrich"]
[Result "1/2-1/2"]
[WhiteElo "2330"]
[BlackElo "2275"]

1.e4 c5 2.Nf3 Nc6 3.Bb5 g6 4.O-O Bg7 5.Re1 Nf6 6.e5 Nd5 7.Nc3 Nc7 8.Bxc6 dxc6
9.Ne4 Ne6 10.d3 O-O 11.Be3 b6 12.Qd2 f5 13.exf6 exf6 14.Bh6 a5 15.a3 a4 16.Bxg7 Kxg7
17.Re2 Ra7 18.Rae1 g5 19.g3 Nd4 20.Nxd4 cxd4  1/2-1/2

[Event "Garcia mem Masters"]
[Site "Santa Clara"]
[Date "1998.06.07"]
[Round "12"]
[White "Leyva, Ricardo"]
[Black "Gamboa, Nelson"]
[Result "0-1"]
[WhiteElo "2250"]
[BlackElo "2405"]

1.e4 c5 2.Nf3 Nc6 3.Bb5 e6 4.Bxc6 bxc6 5.O-O d5 6.e5 Ne7 7.b3 Ng6 8.Re1 Be7
9.Bb2 Rb8 10.d3 O-O 11.Nc3 Ba6 12.Qc1 Bb5 13.Ne2 a5 14.c4 Ba6 15.Nc3 f6 16.Na4 d4
17.Ba3 fxe5 18.Nxe5 Nxe5 19.Rxe5 Bd6 20.Re4 Rf5 21.Qe1 Bc8 22.Rc1 Rb7 23.Rc2 Rbf7
24.Rce2 Qc7 25.g3 Qd8 26.Bc1 Bc7 27.f4 h5 28.Rxe6 Bxe6 29.Rxe6 Qd7 30.Qe4 Bd6
31.Nb6 Qc7 32.Nc8 Bf8 33.Re8 g6 34.h3 Kg7 35.g4 hxg4 36.hxg4 R5f6 37.Kg2 Rd7
38.Qe5 Kf7 39.Bd2 Qxe5 40.Rxe5 Rc7 41.Nb6 Bd6 42.Re4 Kg7 43.g5 Rff7 44.Kf3 Rb7
45.Na4 Rb8 46.Re6 Rd8 47.Rxd6 Rxd6 48.Nxc5 Ra7 49.f5 gxf5 50.Bf4 Rdd7 51.Bb8 Rab7
52.Be5+ Kg6 53.Bf6 Rf7 54.Kf4 Rbe7 55.Bxd4 Re1 56.Bc3 Rf1+ 57.Kg3 Re7 58.Bxa5 Re2
59.Bc7 Kxg5 60.Bd8+ Kh5  0-1

[Event "Dov Porath mem"]
[Site "Givatayim"]
[Date "1998.06.08"]
[Round "6"]
[White "Krays, Alexander"]
[Black "Golod, Vitali"]
[Result "1-0"]
[WhiteElo "2395"]
[BlackElo "2535"]

1.e4 c5 2.Nf3 Nc6 3.Bb5 g6 4.O-O Bg7 5.c3 Nf6 6.e5 Nd5 7.d4 cxd4 8.cxd4 O-O
9.Nc3 Nxc3 10.bxc3 d6 11.exd6 exd6 12.Re1 Qa5 13.Qa4 Bg4 14.Ba3 Qc7 15.Nd2 Rfd8
16.Ne4 Be6 17.Bc1 h6 18.Bf4 Ne7 19.Qa3 Nf5 20.h3 Bc4 21.Bxc4 Qxc4 22.Nxd6 Nxd6
23.Bxd6 Rac8 24.Re3 Rd7 25.Rae1 Kh7 26.Be5 Bxe5 27.dxe5 Qc5 28.Qa4 Rc6 29.e6 fxe6
30.Rxe6 Rf7 31.Qc2 Rxe6 32.Rxe6 Qf5 33.Qxf5 gxf5 34.a4 Kg7 35.Kf1 Rc7 36.Ke2 Rc4
37.a5 Ra4 38.Re5 Kf6 39.Rb5 h5 40.Ke3 Kg5 41.h4+ Kf6 42.g3 Re4+ 43.Kd3 Re7
44.Rd5 Re6 45.c4 Re1 46.Rd6+ Ke5 47.Rh6 Rd1+ 48.Ke3 Re1+ 49.Kf3 Rc1 50.Rxh5 Rxc4
51.Rh7 Ra4 52.Rxb7 Rxa5 53.Rc7 Ra6 54.Rc5+ Kf6 55.Kg2 Kg6 56.Rc4 Kf6 57.Rc3 Ra2
58.Rc6+ Kg7 59.Kf3 Ra4 60.Ke3 Re4+ 61.Kd3 Ra4 62.Rd6 a5 63.Rd4 Ra3+ 64.Ke2 Kg6
65.Rd6+ Kg7 66.Ra6 Ra2+ 67.Kf3 Ra4 68.h5 Kf7 69.h6 Kg8 70.Ra7 Ra1 71.Kf4 Ra2
72.Kg5 Rd2 73.Rxa5 f4 74.g4 f3 75.Rf5 Rxf2 76.Kg6 Rh2 77.Rxf3 Rh1 78.h7+ Kh8
79.Rf8+  1-0

[Event "Stockholm Elo"]
[Site "Stockholm"]
[Date "1998.06.11"]
[Round "6"]
[White "Andersson, Mats"]
[Black "Norqvist, Jorgen"]
[Result "1/2-1/2"]
[WhiteElo "2320"]
[BlackElo "2125"]

1.Nf3 c5 2.e4 Nc6 3.Bb5 d6 4.Bxc6+ bxc6 5.O-O Nf6 6.Qe2 e5 7.d3 Be7 8.Na3 O-O
9.Nc4 Be6 10.h3 Ne8 11.Nh2 f5 12.f4 exf4 13.exf5 Bxf5 14.Bxf4 Nc7 15.Rae1 Nd5
16.g4 Bc8 17.Bg3 Rxf1+ 18.Nxf1 Bf8 19.Qh2 Ba6 20.Nxd6 Bxd6 21.Bxd6 c4 22.dxc4 Bxc4
23.Nd2 Ba6 24.Qe5 Qd7 25.c4 Rd8 26.cxd5 Qxd6 27.Qe6+ Kf8 28.Qf5+ Kg8 29.Qe6+ Kf8
30.Qf5+ Kg8 31.Qe6+  1/2-1/2

[Event "Voronezh op"]
[Site "Voronezh"]
[Date "1998.06.12"]
[Round "1"]
[White "Minakova, Olga"]
[Black "Belikov, Vladimir"]
[Result "0-1"]
[WhiteElo "2020"]
[BlackElo "2520"]

1.e4 c5 2.Nf3 Nc6 3.Bb5 e6 4.Bxc6 bxc6 5.c4 Ne7 6.O-O Ng6 7.d3 e5 8.Nc3 Be7
9.g3 d6 10.Ne1 Bh3 11.Ng2 O-O 12.Re1 f5 13.exf5 Rxf5 14.g4 Rf7 15.Re3 Bxg2
16.Kxg2 Qd7 17.h3 Raf8 18.Re2 Nh4+ 19.Kg1 h5 20.gxh5 Qxh3  0-1

[Event "Noosa op"]
[Site "Sun Coast"]
[Date "1998.06.14"]
[Round "7"]
[White "Smith, Robert W"]
[Black "Laird, Craig"]
[Result "0-1"]
[WhiteElo "2305"]
[BlackElo "2300"]

1.e4 c5 2.Nf3 Nc6 3.Bb5 Qb6 4.Nc3 g6 5.O-O Bg7 6.Bxc6 bxc6 7.e5 Nh6 8.d3 Nf5
9.Re1 O-O 10.b3 f6 11.Na4 Qc7 12.Bb2 fxe5 13.Bxe5 d6 14.Bxg7 Nxg7 15.Nd2 e5
16.Ne4 Ne6 17.Qd2 Bd7 18.Nac3 Kg7 19.Ng5 Nd4 20.Ne2 a5 21.Nxd4 cxd4 22.a4 Rf5
23.Re2 Raf8 24.Rae1 Qd8 25.Ne4 Be6 26.b4 Bd5 27.Ng3 R5f7 28.bxa5 Ra7 29.Rb1 Rxa5
30.Rb7+ Rf7 31.Rxf7+ Kxf7 32.f4 Rxa4 33.fxe5 dxe5 34.h3 Qh4 35.Kh2 Ke6 36.Qe1 Qf4
37.Rf2 Ra1 38.Qe2 Qe3 39.Qg4+ Kd6 40.Qh4 g5 41.Nf5+ Kc5 42.Nxe3 gxh4 43.Ng4 Re1
44.Nf6 Kb4 45.Nxd5+ cxd5 46.g3 e4 47.gxh4 e3 48.Rf5 e2 49.Re5 Kc3  0-1

[Event "Keres mem op"]
[Site "Tallin"]
[Date "1998.06.17"]
[Round "4"]
[White "Fomina, Tatyana"]
[Black "Veingold, Aleksandr"]
[Result "0-1"]
[WhiteElo "2240"]
[BlackElo "2475"]

1.e4 c5 2.Nf3 Nc6 3.Bb5 d6 4.c3 Nf6 5.Qe2 Bg4 6.h3 Bxf3 7.Qxf3 Qb6 8.Na3 e6
9.O-O Be7 10.Qe2 O-O 11.d3 a6 12.Ba4 Qc7 13.Bg5 b5 14.Bd1 d5 15.Nc2 Rad8
16.Bxf6 Bxf6 17.Ne3 Bg5 18.Bc2 d4 19.Ng4 dxc3 20.bxc3 b4 21.Ba4 bxc3 22.Bxc6 Qxc6
23.f4 Be7 24.Rac1 Qd6 25.Rf3 Rb8 26.Kh2 Rb2 27.Qd1 Rd2 28.Qb3 Rxd3 29.Rxc3 Rxc3
30.Qxc3 Qd4 31.Qe1 c4 32.Ne5 Bd6 33.Ng4 Rc8 34.Qh4 c3 35.e5 Bc5 36.Nf6+ gxf6
37.Qxf6 Qg1+ 38.Kg3 Qe1+ 39.Kg4 Bf8 40.f5 Bg7 41.Qe7 Qxe5  0-1

[Event "CZE-ch"]
[Site "Zlin"]
[Date "1998.06.17"]
[Round "5"]
[White "Velicka, Petr"]
[Black "Vokac, Marek"]
[Result "1-0"]
[WhiteElo "2430"]
[BlackElo "2510"]

1.e4 c5 2.Nf3 Nc6 3.Bb5 d6 4.Bxc6+ bxc6 5.O-O g6 6.c3 Bg7 7.d4 cxd4 8.cxd4 Nf6
9.Nc3 O-O 10.Be3 Rb8 11.b3 Ng4 12.Bg5 f6 13.Bd2 Nh6 14.Rc1 Nf7 15.h3 Bd7
16.Re1 Qb6 17.Qe2 Rbe8 18.Na4 Qb7 19.e5 Be6 20.Bf4 Qc8 21.Nc3 g5 22.d5 gxf4
23.exf6 exf6 24.dxe6 Ne5 25.Nd4 c5 26.Nd5 f3 27.Qe4 Kh8 28.e7 Rg8 29.Nxf3 f5
30.Qf4 Bh6 31.Qxh6 Nxf3+ 32.Kh1 Rg6 33.Qh5 Nxe1 34.Rxe1 Kg7 35.Nf4 Qb7 36.Nxg6 hxg6
37.Qg5 Qd5 38.Qe3 Kf7 39.Kg1 Qb7 40.Qe6+ Kg7 41.Qxd6 Qb4 42.Qe5+ Kf7 43.Qe6+ Kg7
44.Qe5+ Kf7 45.Re3 Qd4 46.Qxd4 cxd4 47.Re5 g5 48.g3 g4 49.hxg4 fxg4 50.Re4 d3
51.Kf1 Rc8 52.e8=Q+  1-0

[Event "Voronezh op"]
[Site "Voronezh"]
[Date "1998.06.18"]
[Round "7"]
[White "Lukovnikov, A."]
[Black "Pogorelov, Ruslan"]
[Result "1-0"]
[WhiteElo "2295"]
[BlackElo "2465"]

1.e4 c5 2.Nf3 Nc6 3.Bb5 g6 4.O-O Bg7 5.Re1 Nf6 6.c3 O-O 7.d4 d5 8.e5 Ne4
9.Bxc6 bxc6 10.Nbd2 Nxd2 11.Bxd2 Qb6 12.dxc5 Qxb2 13.Nd4 Qa3 14.Be3 Bd7 15.Qd3 Rab8
16.h4 Qa4 17.h5 Bxe5 18.Bh6 Bf6 19.Bxf8 Rxf8 20.Rab1 e5 21.Qf3 Bg7 22.h6 Bh8
23.Rb7 Bc8 24.Re7 e4 25.Qe3 Bf6 26.Qf4 Bxd4 27.cxd4 Qxd4 28.Re5 Bf5 29.g4 f6
30.Re7 Bc8 31.Rg7+ Kh8 32.Qd6 Re8 33.Qc7  1-0

[Event "White Nights op"]
[Site "St Petersburg"]
[Date "1998.06.20"]
[Round "1"]
[White "Khoziaiski, V."]
[Black "Karasev, Vladimir I"]
[Result "0-1"]
[WhiteElo "2205"]
[BlackElo "2370"]

1.e4 c5 2.Nf3 Nc6 3.Bb5 e6 4.Bxc6 bxc6 5.d3 Ne7 6.O-O Ng6 7.e5 f6 8.Re1 Qc7
9.Qe2 Be7 10.Nbd2 O-O 11.Nc4 Ba6 12.Bd2 Bxc4 13.dxc4 fxe5 14.Bg5 e4 15.Qxe4 Rxf3
16.Bxe7 Rf4  0-1

[Event "Magistral Algarve"]
[Site "Vila Real de Santo Antonio"]
[Date "1998.06.20"]
[Round "2"]
[White "Damaso, Rui"]
[Black "Frois, Antonio"]
[Result "1/2-1/2"]
[WhiteElo "2440"]
[BlackElo "2385"]

1.e4 c5 2.Nf3 Nc6 3.Bb5 g6 4.O-O Bg7 5.c3 Nf6 6.Qa4 Qb6 7.e5 Nd5 8.d4 cxd4
9.cxd4 O-O 10.Nc3 Nc7 11.Be3 Nxb5 12.Qxb5  1/2-1/2

[Event "Agency"]
[Site "London"]
[Date "1998.06.21"]
[Round "7"]
[White "Van den Doel, Erik"]
[Black "McDonald, Neil R"]
[Result "1-0"]
[WhiteElo "2485"]
[BlackElo "2485"]

1.e4 c5 2.Nf3 Nc6 3.Bb5 d6 4.O-O Bd7 5.Re1 Nf6 6.c3 a6 7.Bf1 Bg4 8.d3 e6
9.Nbd2 Be7 10.h3 Bh5 11.g4 Bg6 12.Nh4 d5 13.Nxg6 hxg6 14.e5 Nd7 15.Nf3 Qc7
16.Bf4 b5 17.Bg3 a5 18.a4 b4 19.c4 Nb6 20.cxd5 Nxd5 21.Nd2 O-O 22.Nb3 Bg5
23.Qc2 Rac8 24.Qxc5 Qb7 25.Qb5 Qa7 26.Re4 Rb8 27.Qxc6 Rfc8 28.Nd4 Rxc6 29.Nxc6 Qb6
30.Nxb8 Qxb8 31.Rc4 Qd8 32.Bg2 Kh7 33.Be4 Bf4 34.Bxg6+ fxg6 35.Bxf4 Nxf4
36.Rxf4 Qxd3 37.Kg2 Qc2 38.g5 Qxb2 39.Rd1 Qxe5 40.Rg4 Qc7 41.Rh4+ Kg8 42.Rhd4 e5
43.Rd8+ Kh7 44.Rf8  1-0

[Event "White Nights op"]
[Site "St Petersburg"]
[Date "1998.06.22"]
[Round "3"]
[White "Andreev, Vl"]
[Black "Shour, Janna"]
[Result "1-0"]
[WhiteElo "2325"]
[BlackElo "2210"]

1.e4 c5 2.Nf3 Nc6 3.Bb5 g6 4.O-O Bg7 5.Nc3 Nf6 6.e5 Ng4 7.Bxc6 dxc6 8.Qe2 Qc7
9.Re1 Nh6 10.Ne4 O-O 11.Nxc5 b6 12.Nb3 c5 13.d3 Bb7 14.Bf4 Nf5 15.Nbd2 Qc6
16.Ne4 Rad8 17.h3 Nd4 18.Nxd4 Rxd4 19.f3 Rfd8 20.Bg3 Ba6 21.b3 b5 22.Qe3 c4
23.dxc4 bxc4 24.c3 R4d7 25.b4 Bc8 26.a4 a6 27.Nc5 Rd2 28.Bf4 R2d5 29.Qe4 a5
30.Qe3 axb4 31.cxb4 Bf5 32.a5 Qb5 33.Qa3 g5 34.Bg3 h5 35.a6 Ra8 36.Qc3 Bc8
37.a7 Qb6 38.Qxc4 Be6 39.Qa6 Qxb4 40.Nxe6  1-0

[Event "Keres mem op"]
[Site "Tallin"]
[Date "1998.06.22"]
[Round "9"]
[White "Peleshev, Leonid"]
[Black "Agopov, Mikael"]
[Result "0-1"]
[WhiteElo "2320"]
[BlackElo "2330"]

1.e4 c5 2.Nf3 Nc6 3.Bb5 e6 4.Bxc6 bxc6 5.b3 f6 6.O-O Nh6 7.d4 Nf7 8.Ba3 Qa5
9.c3 cxd4 10.Bxf8 Kxf8 11.Qxd4 e5 12.Qe3 g6 13.c4 d6 14.Nc3 Kg7 15.Rad1 Bg4
16.Rd2 Rad8 17.Rfd1 Qb6 18.h3 Qxe3 19.fxe3 Bc8 20.Na4 Kf8 21.c5 Ke7 22.Kf2 dxc5
23.Nxc5 Rxd2+ 24.Rxd2 Rd8 25.Ke2 Rxd2+ 26.Nxd2 Kd6 27.b4 Nd8 28.Kd3 Ne6 29.Ndb3 g5
30.a3 Nxc5+ 31.Nxc5 h5 32.Ke2 a5 33.Kf2 axb4 34.axb4 Kc7 35.Na4 Be6 36.Kg3 Bb3
37.Nc5 Bd1 38.Kf2 h4 39.Ke1 Bh5 40.Kd2 g4 41.hxg4 Bxg4 42.Nd3 Kb6 43.Nc1 Kb5
44.Kc3 Bd1 45.Kd2 Bh5 46.Kc3 Bg6 47.Kd3 Kxb4 48.Na2+ Kb3 49.Nc1+ Kb2 50.Ne2 Bf7
51.Nc3 Kb3 52.Nb1 Bc4+ 53.Kd2 Bf1 54.Ke1 Bxg2 55.Kf2 Kb2 56.Nd2 Kc2  0-1

[Event "Keres mem op"]
[Site "Tallin"]
[Date "1998.06.22"]
[Round "9"]
[White "Fomina, Tatyana"]
[Black "Zitin, Yuri"]
[Result "0-1"]
[WhiteElo "2240"]
[BlackElo "2195"]

1.e4 c5 2.Nf3 Nc6 3.Bb5 g6 4.c3 Qb6 5.Ba4 Bg7 6.O-O e5 7.d3 Nge7 8.Nbd2 O-O
9.Nc4 Qc7 10.Ne3 d6 11.Bb3 b5 12.a4 b4 13.Nd5 Nxd5 14.exd5 Ne7 15.cxb4 cxb4
16.Bg5 a5 17.Rc1 Qb7 18.Bxe7 Qxe7 19.Qe2 Ba6 20.Bc4 Bb7 21.Nd2 f5 22.Rc2 Qf7
23.Qf3 Rfc8 24.h4 Bf6 25.g3 Bd8 26.Qg2 Bb6 27.Rfc1 Rc7 28.Kh2 Rac8 29.Rf1 Kg7
30.f4 exf4 31.Rxf4 Be3 32.Rf1 Bxd2 33.Rxd2 Rc5 34.b3 Bxd5 35.Qf2 Re8 36.Re1 Rxe1
37.Qxe1 f4 38.Rf2 Bxc4 39.dxc4 Re5 40.Qd2 fxg3+ 41.Kxg3 Qe7 42.Qd4 Kg8 43.Rf3 h5
44.Kf2 Kh7 45.Rf4 Re2+ 46.Kf3 Re1 47.Qd3 Rc1 48.Re4 Qf6+ 49.Kg2 Qc3 50.Rd4 Qb2+  0-1

[Event "Copenhagen op"]
[Site "Copenhagen"]
[Date "1998.06.23"]
[Round "3"]
[White "Larsen, Karsten"]
[Black "Gullaksen, Eirik T"]
[Result "1/2-1/2"]
[WhiteElo "2245"]
[BlackElo "2345"]

1.e4 c5 2.Nf3 Nc6 3.Bb5 g6 4.O-O Bg7 5.Bxc6 dxc6 6.d3 e5 7.Be3 Qe7 8.Nbd2 Nf6
9.Nc4 Nd7 10.Qd2 O-O 11.Bh6 Re8 12.Bxg7 Kxg7 13.Rae1 f6 14.Nh4 Nb6 15.Qc3 Nxc4
16.Qxc4 Qd6 17.Qc3 b6 18.f4 Qd4+ 19.Qxd4 cxd4 20.fxe5 fxe5 21.Rf2 Be6 22.a3 c5
23.Ref1 Re7 24.Nf3 Bg8 25.Nd2 Rf7 26.Nf3 Raf8 27.b3 b5 28.Rb1 Rb8 29.Rff1 Rb6
30.a4 b4  1/2-1/2

[Event "Copenhagen op"]
[Site "Copenhagen"]
[Date "1998.06.27"]
[Round "7"]
[White "Larsen, Karsten"]
[Black "Petersen, Peter Birk"]
[Result "1-0"]
[WhiteElo "2245"]
[BlackElo "2195"]

1.e4 c5 2.Nf3 Nc6 3.Bb5 g6 4.O-O Bg7 5.Bxc6 bxc6 6.Re1 Nh6 7.d3 d6 8.h3 O-O
9.Nbd2 f6 10.Qe2 Nf7 11.Nc4 Bd7 12.Bd2 e5 13.Rad1 Qc7 14.c3 Rae8 15.a3 d5
16.Ne3 Qb7 17.b4 c4 18.Nh2 cxd3 19.Qxd3 Be6 20.Bc1 Rd8 21.f3 Qc8 22.Qe2 f5
23.Nc2 Rde8 24.Be3 Nd8 25.Bxa7 fxe4 26.fxe4 Rf4 27.Qd3 Nf7 28.Bc5 Bf8 29.Bf2 dxe4
30.Qe2 c5 31.Bg3 cxb4 32.Bxf4 exf4 33.Qxe4 Qxc3 34.axb4 Ng5 35.Qd3 Qb2 36.Rb1 Qa2
37.Ra1 Qb2 38.Rab1 Qa2 39.Ra1 Qb2 40.Reb1 Qe5 41.Ra5 Qf6 42.Qd4 Qe7 43.Qxf4 Bh6
44.Qe5 Qd8 45.Re1 Bf7 46.Qc5 Ne6 47.Qc6 Bd2 48.Rd5 Bxe1 49.Rxd8 Nxd8 50.Qd7 Bc3
51.Ng4 Bg7 52.b5 Ne6 53.b6 Rd8 54.Qc6 Rf8 55.b7 Nd8 56.Qc8 Nxb7 57.Qxb7 h5
58.Nge3 Rd8 59.Qe7 Rf8 60.Qd6 Re8 61.Qd7 Rb8 62.Qd6 Re8 63.Nd5 Re6 64.Qd8+ Bf8
65.Nce3 Ra6 66.Nf6+ Kg7 67.Ne4 Kg8 68.Nd5 Re6 69.Ndf6+ Kg7 70.Qd4 Kh6 71.g4 hxg4
72.hxg4 g5 73.Qd5 Rxf6  1-0